Hvor er hovedstaden på landskartet? - Statistics

General Stats
  • This quiz has been taken 40 times
  • The average score is 11 of 15
Answer Stats
Question Answer % Correct
Hvor er hovedstaden i Spania?
100%
Hvor er hovedstaden i Sverige?
100%
Hvor er hovedstaden i Storbritannia?
100%
Hvor er hovedstaden i Tyskland?
86%
Hvor er hovedstaden i Frankrike?
86%
Hvor er hovedstaden i Australia?
86%
Hvor er hovedstaden i Tyrkia?
71%
Hvor er hovedstaden i Brasil?
71%
Hvor er hovedstaden i Canada?
71%
Hvor er hovedstaden i USA?
57%
Hvor er hovedstaden i India?
57%
Hvor er hovedstaden i Egypt?
57%
Hvor er hovedstaden i Japan?
57%
Hvor er hovedstaden i Kina?
43%
Hvor er hovedstaden i Marokko?
29%
No matching quizzes found
Score Distribution
Percent of People with Each Score
Percentile by Number Answered
Your Score History
You have not taken this quiz